000 01024nam a22002895a 4500
005 20080522115808.0
008 080520s2008 nyu 000 0 eng
010 _aENG-97821
020 _c900.00
_a9788178311722
035 _aEN-81354
037 _bDBAD/PUB
040 _aDPL
082 _a331.0112
100 _92856
_aSujit Kumar
245 _aParticipative management:
_cby Sujit Kumar
_bcontemporary issues and challenges /
250 _a.
260 _aNew Delhi
_bManak Publications
_c2009
270 _aB-7, Saraswati Complex, Subhash Chwok, Laxmi Nagar,
_bNew Delhi
_e110092
300 _axii,476p.
_b23cm. (Hb)
500 _aIncludes bibliographical references and index
650 _aSongs, Hindi.
_94279
650 _aHindustani music.
_91187
700 _94392
942 _2ddc
_cEN
_mSUJ
_h331.0112
999 _c38737
_d38737